The Benefactor / (Record no. 184977)
[ view plain ]
| 000 -LEADER | |
|---|---|
| fixed length control field | 00576 a2200169 4500 |
| 003 - CONTROL NUMBER IDENTIFIER | |
| control field | Nust |
| 005 - DATE AND TIME OF LATEST TRANSACTION | |
| control field | 20230227103341.0 |
| 040 ## - CATALOGING SOURCE | |
| Transcribing agency | Nust |
| 082 ## - DEWEY DECIMAL CLASSIFICATION NUMBER | |
| Classification number | 297.7,FAK |
| 100 ## - MAIN ENTRY--PERSONAL NAME | |
| Personal name | Fakir Syed Waheed-ud-Din |
| 9 (RLIN) | 109585 |
| 245 ## - TITLE STATEMENT | |
| Title | The Benefactor / |
| Statement of responsibility, etc. | Fakir Syed Waheed-ud-Din ; English text rev. by Faiz Ahmed Faiz. |
| 260 ## - PUBLICATION, DISTRIBUTION, ETC. | |
| Place of publication, distribution, etc. | Chicago |
| Name of publisher, distributor, etc. | : Kazi Publications, |
| Date of publication, distribution, etc. | c1977. |
| 300 ## - PHYSICAL DESCRIPTION | |
| Extent | viii, 150 p |
| Other physical details | ., [1] leaf of plates |
| Dimensions | map ; 22 cm. |
| 505 ## - FORMATTED CONTENTS NOTE | |
| Formatted contents note | Part-1: Muhammad The Prophet (Page-1), Part-2: Companions ABUBAKR (Page-91). |
| 650 ## - SUBJECT ADDED ENTRY--TOPICAL TERM | |
| Topical term or geographic name entry element | The benefactor |
| 9 (RLIN) | 109586 |
| 942 ## - ADDED ENTRY ELEMENTS (KOHA) | |
| Source of classification or shelving scheme | |
| Koha item type | Book |
| Withdrawn status | Lost status | Source of classification or shelving scheme | Damaged status | Not for loan | Permanent Location | Current Location | Shelving location | Date acquired | Full call number | Barcode | Date last seen | Price effective from | Koha item type | Public note | Collection code | Total Checkouts |
|---|---|---|---|---|---|---|---|---|---|---|---|---|---|---|---|---|
| Military College of Signals (MCS) | Military College of Signals (MCS) | General Stacks | 12/12/2016 | 297.7,FAK | MCS30522 | 12/08/2016 | 12/12/2016 | Book | Almirah No.73, Shelf No.2 | |||||||
| Military College of Signals (MCS) | Military College of Signals (MCS) | General Stacks | 12/12/2016 | 297.7,FAK | MCS30523 | 12/08/2016 | 12/12/2016 | Book | Almirah No.73, Shelf No.2 | |||||||
| Military College of Signals (MCS) | Military College of Signals (MCS) | 12/12/2016 | 297.7 FAK | MCS30524 | 12/08/2016 | 12/12/2016 | Book | |||||||||
| Military College of Signals (MCS) | Military College of Signals (MCS) | General Stacks | 12/12/2016 | 297.7,FAK | MCS30525 | 12/08/2016 | 12/12/2016 | Book | Almirah No.73, Shelf No.2 | |||||||
| Military College of Signals (MCS) | Military College of Signals (MCS) | General Stacks | 12/12/2016 | 297.7,FAK | MCS30526 | 12/08/2016 | 12/12/2016 | Book | Almirah No.73, Shelf No.2 | |||||||
| Military College of Signals (MCS) | Military College of Signals (MCS) | General Stacks | 12/12/2016 | 297.7,FAK | MCS30527 | 12/08/2016 | 12/12/2016 | Book | Almirah No.73, Shelf No.2 | |||||||
| Military College of Signals (MCS) | Military College of Signals (MCS) | General Stacks | 12/12/2016 | 297.7,FAK | MCS30528 | 12/08/2016 | 12/12/2016 | Book | Almirah No.73, Shelf No.2 | |||||||
| Military College of Signals (MCS) | Military College of Signals (MCS) | General Stacks | 12/12/2016 | 297.7,FAK | MCS30529 | 12/08/2016 | 12/12/2016 | Book | Almirah No.73, Shelf No.2 |
